[Event "TCh-CZE 2010-11"]
[Site "Czech Rep CZE"]
[Date "2010.12.04"]
[Round "3.5"]
[White "Jansa,Vl"]
[Black "Ponizil,C"]
[Result "1/2-1/2"]
[WhiteElo "2499"]
[BlackElo "2398"]

1.e4 c5 2.Nf3 Nc6 3.Bb5 g6 4.O-O Bg7 5.c3 Nf6 6.Re1 O-O 7.h3 e5 8.a3 Re8
9.d3 d6 10.b4 Bd7 11.Be3 b6 12.Nbd2 Qc7 13.Rc1 Rad8 14.Qb3 Re7 15.Nc4 Nxb4
16.Bxd7 Nxd3 17.Bb5 Nxe4 18.Ng5 Nf6 19.Red1 Nxc1 20.Bxc1 h6 21.Nf3 e4 22.Nh2 d5
23.Ne3 d4 24.cxd4 cxd4 25.Neg4 Nxg4 26.Nxg4 h5 27.Nh2 Rc8 28.Bg5 Re5 29.h4 Qc2
30.Qxc2 Rxc2 31.a4 Rf5 32.Bd2 Bf6 33.g3 Rd5 34.Bf4 Be7 35.Nf1 Rd8 36.Be5 Rc5
37.Bf4 Rc2 38.Be5 Rc5 39.Bf4 f6 40.Re1 f5 41.Nd2 Rc2 42.Nc4 Kh7 43.Ne5 Rdc8
44.Bd7 Rd8 45.Bb5 Bf6 46.Nf7 Rd5 47.Nd6 d3 48.Rf1 Be7 49.Nf7 Kg7 50.Ng5 Bd6
51.Be3 Kf6 52.Nh3 Bc5 53.Bg5+ Kf7 54.Nf4 Rd4 55.Ng2 Rb4 56.Ne3 Bxe3 57.Bxe3 a6
58.Bxa6 Rxa4 59.Bb7 Rb4 60.Ra1 Ke6 61.Kg2 Rc7 62.Ba6 b5 63.Bf4 Rc2 64.Bb7 Ra4
65.Rb1 Raa2 66.Be3 Rab2 67.Ra1 Ra2 68.Rb1 Rcb2 69.Rc1 d2 70.Bc8+ Ke7 71.Bg5+ Kd6
72.Bf4+ Kd5 73.Rc7 Rc2 74.Rd7+ Kc4 75.Rd8 d1=Q 76.Be6+ Kb4 77.Rxd1 Rxf2+
78.Kg1 Rg2+ 79.Kf1 Raf2+ 80.Ke1 Re2+ 81.Kf1 Ref2+ 82.Ke1 e3 83.Rb1+ Ka5 84.Ra1+ Kb4
85.Rb1+ Kc3 86.Rb3+ Kc2 87.Rxe3 Rxf4 88.gxf4 Rg4 89.Bb3+ Kb2 90.Rf3 Rxh4
91.Kf2 Rg4 92.Bf7 Kc2 93.Ke3 b4 94.Kd4 g5 95.Rf2+ Kc1 96.Bxh5 Rxf4+ 97.Rxf4 gxf4
98.Kc4 Kd2 99.Bg6 f3 100.Bxf5 f2 101.Bh3  1/2-1/2

[Event "Frauenbundesliga 1st Div 2010-11"]
[Site "Germany GER"]
[Date "2010.12.04"]
[Round "3.3"]
[White "Jaracz,B"]
[Black "Ulms,S"]
[Result "1-0"]
[WhiteElo "2274"]
[BlackElo "2174"]

1.e4 c5 2.Nf3 Nc6 3.Bb5 Nd4 4.Nxd4 cxd4 5.O-O e6 6.d3 a6 7.Bc4 b5 8.Bb3 g6
9.f4 Bg7 10.f5 gxf5 11.exf5 Nf6 12.Bg5 O-O 13.Nd2 Bb7 14.Ne4 e5 15.Qf3 Qb6
16.Rae1 Kh8 17.Qg3 Nxe4 18.dxe4 f6 19.Bd2 d5 20.Bxd5 Bxd5 21.exd5 Rg8 22.Qh4 Bf8
23.Kh1 Ra7 24.c3 Rag7 25.g3 Rg4 26.Qh3 Qb7 27.Qg2 Bc5 28.cxd4 Bxd4 29.Rc1 Bxb2
30.Rc6 Rc4 31.Be3 Ba3 32.Rxf6 Rd8 33.Rb6 Qc8 34.Bg5 Rc2 35.Bf6+ Kg8 36.Qe4 Rd7
37.Rc6 Rxc6 38.dxc6 Rd6 39.Qg4+  1-0

[Event "ch-RSSU"]
[Site "Moscow RUS"]
[Date "2010.12.04"]
[Round "4"]
[White "Shukh,N"]
[Black "Potapov,P"]
[Result "1/2-1/2"]
[WhiteElo "2433"]
[BlackElo "2478"]

1.e4 c5 2.Nf3 Nc6 3.Bb5 g6 4.O-O Bg7 5.Re1 Nf6 6.e5 Nd5 7.Nc3 Nc7 8.Bxc6 dxc6
9.Ne4 b6 10.Nf6+ Kf8 11.Ne4 h6 12.d3 Kg8 13.a4 a5 14.Bf4 Ne6 15.Bg3 Ba6 16.Qe2 Kh7
17.b3 Rf8 18.h4 Nd4 19.Nxd4 cxd4 20.Nd2 c5 21.Qe4 Ra7 22.e6 Bb7 23.Qe2 Bd5
24.exf7 e6 25.Ne4 Raxf7 26.Nd6 Rd7 27.Ne4 Rdf7 28.Nd6 Rd7  1/2-1/2

[Event "TCh-HUN 2010-11"]
[Site "Budapest HUN"]
[Date "2010.12.05"]
[Round "4"]
[White "Balogh,C"]
[Black "Konnyu,J"]
[Result "1-0"]
[WhiteElo "2608"]
[BlackElo "2382"]

1.e4 c5 2.Nf3 Nc6 3.Bb5 Nf6 4.Bxc6 dxc6 5.d3 Bg4 6.h3 Bh5 7.Nc3 Nd7 8.g4 Bg6
9.Bf4 f6 10.e5 Qa5 11.Nd2 fxe5 12.Bg3 O-O-O 13.Qe2 b5 14.a4 e6 15.O-O Qb6
16.Bxe5 Nxe5 17.Qxe5 c4 18.Qxe6+ Kb8 19.axb5 cxb5 20.Qxb6+ axb6 21.Nxb5 cxd3
22.c3 h5 23.Ra6 Kb7 24.Ra7+ Kc6 25.Nd4+ Kd5 26.Re1 hxg4 27.Ne6 Bd6 28.Nxd8 Rxd8
29.Rxg7  1-0

[Event "TCh-HUN 2010-11"]
[Site "Kazincbarcika HUN"]
[Date "2010.12.05"]
[Round "4"]
[White "To,N"]
[Black "Kiss,Pa1"]
[Result "1-0"]
[WhiteElo "2426"]
[BlackElo "2381"]

1.e4 c5 2.Nf3 Nc6 3.Bb5 e6 4.Bxc6 bxc6 5.d3 Ne7 6.Qe2 f6 7.Nh4 g6 8.f4 e5
9.fxe5 fxe5 10.O-O d6 11.Qf2 Kd7 12.Bg5 Qe8 13.Na3 Ba6 14.Qd2 h6 15.Bf6 Rg8
16.Qa5 Qc8 17.b4 cxb4 18.Qxb4 Qb7 19.Qc3 Qb6+ 20.Kh1 Rb8 21.Rfb1 Qc7 22.d4 exd4
23.Qxd4 c5 24.Qe3 Bg7 25.Bxg7 Rxg7 26.Rd1 Ke8 27.Qxh6 Kf7 28.Nf3 Kg8 29.Ng5 Qa5
30.Qh3 Bc8 31.Qg3  1-0

[Event "31st Crespi Memorial"]
[Site "Milan ITA"]
[Date "2010.12.05"]
[Round "2"]
[White "Drazic,S"]
[Black "Gagliardi,Ch"]
[Result "1-0"]
[WhiteElo "2524"]
[BlackElo "2188"]

1.e4 c5 2.Nf3 Nc6 3.Bb5 g6 4.O-O Bg7 5.Re1 Nf6 6.Nc3 O-O 7.e5 Ne8 8.d3 Nc7
9.Bc4 b6 10.Bf4 Bb7 11.a3 Ne6 12.Bg3 a6 13.Nd5 b5 14.Ba2 a5 15.c3 b4 16.Qd2 Rb8
17.h4 Ba8 18.Bc4 bxc3 19.bxc3 a4 20.Qc2 Qa5 21.Rab1 Rfc8 22.Nd2 Bf8 23.f4 Ng7
24.Ne4 Nd8 25.Bf2 h5 26.g3 Nf5 27.Rxb8 Rxb8 28.Rb1 Rxb1+ 29.Qxb1 Ne6 30.Kh2 Bc6
31.Qb8 Kg7 32.Kh3 Nh6 33.Be1 Nf5 34.Bd2 Nh6 35.Kg2 Nf5 36.Kf2 Nh6 37.Ke2 Nf5
38.Kd1 Ba8 39.Kc1 Bc6 40.Kc2 Ba8 41.Qb6 Qxb6 42.Nxb6 Bxe4 43.dxe4 Nxg3 44.Kd3 f5
45.exf6+ exf6 46.Nxd7 Nd8 47.Be1 Nf1 48.Nxf8 Kxf8 49.Bf2  1-0

[Event "Open ch-Skopje"]
[Site "Skopje MKD"]
[Date "2010.12.05"]
[Round "2"]
[White "Organdziev,O"]
[Black "Miskoski,M"]
[Result "1-0"]
[WhiteElo "2322"]
[BlackElo "2018"]

1.e4 c5 2.Nf3 Nc6 3.Bb5 a6 4.Bxc6 dxc6 5.d3 Qc7 6.a4 a5 7.Be3 e5 8.Nbd2 Bd6
9.Nc4 Bg4 10.h3 Bh5 11.g4 Bg6 12.Qd2 Nf6 13.O-O-O b5 14.Nxd6+ Qxd6 15.Nxe5 Qxe5
16.f4 Qe6 17.Kb1 Bxe4 18.Rhe1 O-O 19.g5 Rfd8 20.gxf6 Qxf6 21.Bxc5 Bf3 22.Be7 Qd4
23.Bxd8 Rxd8 24.Rc1 h6 25.Qe3 Bg2 26.axb5 Qb4 27.Rg1 Bd5 28.Qe5 Qf8 29.b6 a4
30.c4 f6 31.Qf5 Bf7 32.Qxf6 a3 33.Rxg7+ Qxg7 34.Qxd8+ Kh7 35.bxa3  1-0

[Event "31st Crespi Memorial"]
[Site "Milan ITA"]
[Date "2010.12.06"]
[Round "3"]
[White "Aranovitch,E"]
[Black "Martinez,Rol"]
[Result "1/2-1/2"]
[WhiteElo "2335"]
[BlackElo "2425"]

1.e4 c5 2.Nf3 Nc6 3.Bb5 g6 4.O-O Bg7 5.Bxc6 bxc6 6.Re1 Nh6 7.c3 O-O 8.d4 cxd4
9.cxd4 f6 10.Nc3 d6 11.h3 Nf7 12.b3 Qa5 13.Ne2 e5 14.Bb2 Be6 15.Qc2 Rac8
16.Bc3 Qb6 17.Qb2 c5 18.d5 Bd7 19.Nd2 Bb5 20.a4 Bd3 21.Nc1 Ba6 22.Qc2 Bh6
23.Nc4 Qd8 24.Ne2 Qd7 25.Rf1 Rce8 26.f4 exf4 27.Nxf4 Bxf4 28.Rxf4 Ne5 29.Bxe5 fxe5
30.Rxf8+ Rxf8 31.Rf1  1/2-1/2

[Event "31st Crespi Memorial"]
[Site "Milan ITA"]
[Date "2010.12.07"]
[Round "9"]
[White "Tonndorf,M"]
[Black "Pace,P"]
[Result "1/2-1/2"]
[WhiteElo "2169"]
[BlackElo "2316"]

1.e4 c5 2.Nf3 Nc6 3.Bb5 g6 4.O-O Bg7 5.Re1 a6 6.Bxc6 bxc6 7.Nc3 e5 8.d3 d6
9.Bd2 Ne7 10.Na4 f5 11.Bc3 Rb8 12.Nd2 O-O 13.Nc4 Bb7 14.Qd2 f4 15.f3 g5 16.Ba5 Qd7
17.h3 h5 18.Kf2 Ng6 19.Rh1 Qe7 20.Bb6 Bc8 21.Qa5 Rb7 22.Qc3 Qd7 23.Ke2 Nh4
24.Rag1  1/2-1/2

[Event "Australian Masters"]
[Site "Canterbury AUS"]
[Date "2010.12.08"]
[Round "5"]
[White "Levi,Ed"]
[Black "Morris,J"]
[Result "0-1"]
[WhiteElo "2228"]
[BlackElo "2240"]

1.e4 c5 2.Nf3 Nc6 3.Bb5 g6 4.O-O Bg7 5.Re1 Nf6 6.e5 Nd5 7.Nc3 Nc7 8.d3 Nxb5
9.Nxb5 O-O 10.Bg5 h6 11.Bh4 b6 12.Qe2 Bb7 13.Nd6 Qb8 14.Nxb7 Qxb7 15.Qe4 d6
16.d4 Qd7 17.e6 fxe6 18.Qxg6 Rxf3 19.gxf3 Nxd4 20.Kh1 Rf8 21.Rg1 Rf7 22.Rg2 Nxf3
23.Qxh6 Qc6 24.Qh5 Qe4 25.Rg4 Qxc2 26.Bxe7 Qxb2 27.Rf1 Qb5 28.Rd1 Rxe7 29.Rxg7+ Rxg7
30.Qxf3 Qd7 31.Qf4 Qf7 32.Qe3 Qg6 33.Qf3 d5 34.Re1 c4 35.h4 c3 36.h5 Qg5
37.Qh3 Qg4 38.Kh2 Qxh3+  0-1

[Event "31st Crespi Memorial"]
[Site "Milan ITA"]
[Date "2010.12.08"]
[Round "6"]
[White "Martinez,Rol"]
[Black "Lapiccirella,M"]
[Result "1-0"]
[WhiteElo "2425"]
[BlackElo "2212"]

1.e4 c5 2.Nf3 Nc6 3.Bb5 g6 4.Bxc6 dxc6 5.h3 Nf6 6.d3 Bg7 7.Nc3 O-O 8.Be3 b6
9.Qd2 e5 10.Bh6 Qd6 11.Nh2 Be6 12.Ng4 Nh5 13.Bxg7 Kxg7 14.Qh6+ Kh8 15.Ne2 f6
16.b3 a5 17.g3 a4 18.O-O b5 19.f4 exf4 20.gxf4 f5 21.Ne5 Kg8 22.Qg5 axb3
23.axb3 Rxa1 24.Rxa1 fxe4 25.Nxg6 Rf5 26.Ne7+  1-0

[Event "London Chess Classic FIDE Open Busy"]
[Site "London ENG"]
[Date "2010.12.11"]
[Round "1"]
[White "Wall,G"]
[Black "Kamarunsalehin,A"]
[Result "1-0"]
[WhiteElo "2325"]
[BlackElo "1825"]

1.e4 c5 2.Nf3 Nc6 3.Bb5 g6 4.O-O Bg7 5.Nc3 a6 6.Bxc6 dxc6 7.d3 Nf6 8.Be3 b6
9.h3 Qc7 10.Qd2 e5 11.Nh2 Nh5 12.Na4 O-O 13.b4 Rd8 14.bxc5 b5 15.Nb6 Ra7
16.Nxc8 Qxc8 17.a4 Qd7 18.Ra2 f5 19.Bg5 Rf8 20.Rfa1 Rb7 21.axb5 axb5 22.Ra8 Rfb8
23.Rxb8+ Rxb8 24.exf5 gxf5 25.Bh6 Nf4 26.Bxf4 exf4 27.Qxf4 Bxa1 28.Qxb8+ Kf7
29.Nf3 Bf6 30.Ne5+ Bxe5 31.Qxe5 Qe6 32.f4 Qd7 33.Kf2 b4 34.Ke3  1-0

[Event "Moscow Teams"]
[Site "Moscow RUS"]
[Date "2010.12.11"]
[Round "3"]
[White "Novichkov,Val"]
[Black "Galiaev,A"]
[Result "1-0"]
[WhiteElo "2377"]
[BlackElo "2211"]

1.e4 c5 2.Nf3 Nc6 3.Bb5 g6 4.Bxc6 bxc6 5.O-O Bg7 6.Re1 e5 7.c3 Ne7 8.d4 cxd4
9.cxd4 exd4 10.Nxd4 O-O 11.Nc3 d5 12.exd5 Nxd5 13.Nxc6 Nxc3 14.Qxd8 Rxd8
15.Nxd8 Bd7 16.bxc3 Bxc3 17.Bg5 f6 18.Rad1 Ba4 19.Re4 Bxd1 20.Re8+ Kg7 21.Ne6+ Kf7
22.Rxa8 Kxe6 23.Bd2 Bxd2 24.Rd8 Ba5 25.Rxd1 h5 26.Kf1 g5 27.Ke2 g4 28.f3 f5
29.Rc1 Kf6 30.Rc6+ Kg5 31.g3 gxf3+ 32.Kxf3 h4 33.gxh4+ Kxh4 34.Kf4 Kh3 35.Rh6+  1-0

[Event "TCh-NED"]
[Site "Netherlands NED"]
[Date "2010.12.11"]
[Round "4.2"]
[White "Martens,M"]
[Black "Mostertman,M"]
[Result "1-0"]
[WhiteElo "2431"]
[BlackElo "2209"]

1.e4 c5 2.Nf3 Nc6 3.Bb5 d6 4.O-O Bd7 5.Re1 a6 6.Bf1 Nf6 7.h3 Nd4 8.Nh2 e5
9.c3 Ne6 10.Nf3 Bc6 11.d4 Bxe4 12.Ng5 Nxg5 13.Bxg5 Bxb1 14.dxe5 dxe5 15.Rxe5+ Be7
16.Rxb1 Qxd1 17.Rxd1 Kf8 18.Bd3 Rc8 19.g4 Rc7 20.Be2 h6 21.Bf4 g5 22.Bg3 b5
23.Rxg5 Rd7 24.Rxd7 Nxd7 25.Rf5 Nb6 26.b3 Kg7 27.Bc7 Na8 28.Ba5 Rb8 29.Rd5 Nb6
30.Rd1 b4 31.Bf1 Rb7 32.cxb4 cxb4 33.Rd4 Bc5 34.Re4 Nd7 35.Bd8 Ra7 36.Rf4 Ra8
37.Bh4 Ra7 38.Rf5 Bd4 39.Rd5 Bc3 40.Ra5 Ne5 41.Kg2 Rd7 42.Rxa6 Rd2 43.Bg3 f6
44.Ra7+ Kg6 45.Bb5 Rd8 46.f4 Rd2+ 47.Kf1 Rd1+ 48.Ke2 Rd2+ 49.Ke3 Bd4+ 50.Kxd2 Nf3+
51.Ke2 Ng1+ 52.Kf1 Bxa7  1-0

[Event "TCh-NED"]
[Site "Netherlands NED"]
[Date "2010.12.11"]
[Round "4.5"]
[White "Hoolt,S"]
[Black "Nijboer,F"]
[Result "0-1"]
[WhiteElo "2251"]
[BlackElo "2582"]

1.e4 c5 2.Nf3 Nc6 3.Bb5 Nf6 4.e5 Nd5 5.Nc3 Nc7 6.Bxc6 dxc6 7.d3 g6 8.h3 Bg7
9.O-O O-O 10.a4 Be6 11.Be3 c4 12.dxc4 Bxc4 13.Re1 b6 14.b3 Be6 15.Bg5 Re8
16.Nd4 h6 17.Bh4 Qd7 18.Re3 c5 19.Nxe6 Qxd1+ 20.Rxd1 Nxe6 21.Nd5 g5 22.Bg3 Rac8
23.c3 Nf8 24.c4 e6 25.Nf6+ Bxf6 26.exf6 Red8 27.Red3 Rxd3 28.Rxd3 Kh7 29.Be5 Kg6
30.g4 Ra8 31.Kf1 Nh7 32.Rd7 Nxf6 33.Rb7 Rd8 34.Bxf6 Kxf6 35.Rxa7 Rd3 36.a5 bxa5
37.Rxa5 Rxh3 38.Rb5 Ke7 39.Ke2 Kd6 40.f3 h5 41.gxh5 Rxh5 42.b4 cxb4 43.Rxb4 Rh4
44.Ke3 f5 45.Rb6+ Ke5 46.Rb5+ Kf6 47.Rc5 g4 48.fxg4 Rxg4 49.Rc6 Ke5 50.Rc5+ Kd6
51.Rc8 Kd7 52.Rc5 Rh4 53.Kf3 Kd6 54.Rc8 Ke5 55.Ke3 Rh3+ 56.Kd2 Kd4 57.c5 Rd3+
58.Ke2 Rc3  0-1

[Event "London Chess Classic FIDE Open Busy"]
[Site "London ENG"]
[Date "2010.12.12"]
[Round "5"]
[White "Wall,G"]
[Black "Andreev,Pete"]
[Result "1-0"]
[WhiteElo "2325"]
[BlackElo "1864"]

1.e4 c5 2.Nf3 Nc6 3.Bb5 g6 4.O-O Bg7 5.Nc3 e5 6.Bxc6 bxc6 7.d3 Ne7 8.Ne1 O-O
9.f4 exf4 10.Bxf4 d5 11.Qd2 Qb6 12.Rb1 c4+ 13.Kh1 cxd3 14.Nxd3 d4 15.Na4 Qb5
16.Nac5 Be6 17.a4 Qc4 18.Qc1  1-0

[Event "Bansko Grand Chess Open"]
[Site "Bansko BUL"]
[Date "2010.12.14"]
[Round "2.3"]
[White "Spasov,V"]
[Black "Velchev,H"]
[Result "1-0"]
[WhiteElo "2606"]
[BlackElo "2322"]

1.e4 c5 2.Nf3 Nc6 3.Bb5 d6 4.Bxc6+ bxc6 5.O-O e5 6.c3 Bg4 7.h3 Bh5 8.d3 Be7
9.Re1 Nf6 10.Bg5 h6 11.Bh4 g5 12.Bg3 Bg6 13.Nbd2 Nh5 14.Nf1 Nxg3 15.Nxg3 Bf6
16.d4 cxd4 17.cxd4 exd4 18.Nxd4 Qd7 19.Rc1 O-O 20.b3 Bxd4 21.Qxd4 Rad8 22.Red1 Rfe8
23.f3 Qb7 24.Qc4 Qb6+ 25.Kh2 c5 26.Rd5 Re5 27.Rxe5 dxe5 28.Qxc5 Qf6 29.Qe3 Qa6
30.Rc2 Rd1 31.Qe2 Qd6 32.Nf1 Ra1 33.Ne3 Qd4 34.Rc4 Qb6 35.Qd2 Kh7 36.Rc1 Rxc1
37.Qxc1 Qd4 38.Nd5 Qf2 39.Qc4 a5 40.Qc3  1-0

[Event "Bansko Grand Chess Open"]
[Site "Bansko BUL"]
[Date "2010.12.14"]
[Round "3.29"]
[White "Vasiliadis,Theodoros"]
[Black "Gochev,M"]
[Result "0-1"]
[WhiteElo "1671"]
[BlackElo "2261"]

1.e4 c5 2.Nf3 Nc6 3.Bb5 Nf6 4.Bxc6 dxc6 5.d3 Bg4 6.h3 Bh5 7.Nbd2 Nd7 8.b3 e5
9.Nf1 f6 10.Ng3 Bf7 11.Nf5 h5 12.Nd2 g6 13.Ne3 Bh6 14.Qf3 Nf8 15.Bb2 Ne6
16.Rd1 Nd4 17.Bxd4 cxd4 18.Nec4 Ke7 19.b4 b6 20.Nb3 a5 21.bxa5 b5 22.Ncd2 Qd6
23.Qe2 c5 24.O-O Rhc8 25.g3 c4 26.Nc1 Rxa5 27.Nf3 Kf8 28.Nh4 Qd7 29.Qf3 Kg7
30.Qg2 Be6 31.Kh2 Bxc1 32.Rxc1 Rxa2 33.Rg1 cxd3 34.cxd3 Rc3 35.g4 hxg4 36.hxg4 Rxd3
37.Nf3 g5 38.Ne1  0-1

[Event "Bansko Grand Chess Open"]
[Site "Bansko BUL"]
[Date "2010.12.14"]
[Round "3.30"]
[White "Zygouris,H"]
[Black "Sabotinov,Ventsislav"]
[Result "1-0"]
[WhiteElo "2225"]
[BlackElo "1647"]

1.e4 c5 2.Nf3 Nc6 3.Bb5 d6 4.O-O Bd7 5.c3 a6 6.Ba4 b5 7.Bc2 c4 8.b3 g6 9.Qe2 Na5
10.e5 dxe5 11.Nxe5 Be6 12.b4 Nb7 13.Be4 Bd5 14.Qf3 Bxe4 15.Qxf7+  1-0

[Event "I Jorge Duarte IM"]
[Site "Buenos Aires ARG"]
[Date "2010.12.14"]
[Round "4"]
[White "Villanueva,Mar"]
[Black "Pichot,A"]
[Result "1-0"]
[WhiteElo "2372"]
[BlackElo "2204"]

1.e4 c5 2.Nf3 Nc6 3.Bb5 g6 4.O-O Bg7 5.Re1 e5 6.b4 cxb4 7.a3 b3 8.cxb3 a6
9.Bxc6 dxc6 10.Bb2 Bg4 11.h3 Bxf3 12.Qxf3 Nh6 13.Qg3 f6 14.d3 O-O 15.Nd2 Nf7
16.Rad1 Bh6 17.Nc4 Bf4 18.Qg4 c5 19.g3 Bh6 20.f4 Bg7 21.fxe5 fxe5 22.Rf1 b5
23.Ne3 Qg5 24.Qxg5 Nxg5 25.Kg2 Rxf1 26.Rxf1 Rf8 27.Rc1 Rd8 28.Nd5 Ne6 29.b4 cxb4
30.axb4 Rd6 31.Rc8+ Kf7 32.Kf3 h5 33.h4 g5 34.hxg5 Nxg5+ 35.Ke2 Ne6 36.Ne3 Bf6
37.Nf5 Rb6 38.Ne3 Rd6 39.Ra8 Rb6 40.Nd5 Rc6 41.Ra7+ Kg6 42.Bxe5 Bxe5 43.Ne7+ Kg5
44.Nxc6 Bxg3 45.Kf3 h4 46.d4 Nf4 47.e5 Bh2 48.Rg7+ Kf5 49.Rf7+ Kg5 50.Rxf4 Bxf4
51.e6 Bd6 52.e7  1-0

[Event "Bansko Grand Chess Open"]
[Site "Bansko BUL"]
[Date "2010.12.15"]
[Round "4.12"]
[White "Kjurkchiiski,G"]
[Black "Danielsen,Hen"]
[Result "0-1"]
[WhiteElo "2265"]
[BlackElo "2516"]

1.e4 c5 2.Nf3 Nc6 3.Bb5 g6 4.Bxc6 dxc6 5.h3 e5 6.d3 f6 7.Nc3 Be6 8.Be3 Bd6
9.Qd2 Ne7 10.Bh6 Rg8 11.h4 Qc7 12.a4 O-O-O 13.Qe2 Kb8 14.a5 Bg4 15.Qe3 f5
16.Ng5 f4 17.Qc1 Rge8 18.h5 Ng8 19.hxg6 hxg6 20.Nf3 Bxf3 21.Bg5 Bxg2 22.Bxd8 Qxd8
23.Rh2 Bf3 24.a6 b6 25.Kd2 Nf6 26.Qg1 Bh5 27.Rg2 f3 28.Rg3 Bf8 29.Kc1 Bh6+
30.Kb1 Bf4 31.Rh3 Qd7 32.Rh1 Nh7 33.Ra3 Nf8 34.Na4 Ne6 35.Qe1 Nd4 36.b4 cxb4
37.Qxb4 Ka8 38.Ra2 c5 39.Qa3 Bd2 40.Rb2 Bb4 41.Qa2 Ne2 42.Qc4 Bg4 43.Rxb4 cxb4
44.Rh7 Qxh7 45.Qc6+ Kb8 46.Qxe8+ Bc8 47.Qxe5+ Qc7 48.Qe8 Nd4  0-1

[Event "17th Open A"]
[Site "Zadar CRO"]
[Date "2010.12.15"]
[Round "6.18"]
[White "Djurovic,G"]
[Black "Jovanic,O"]
[Result "1-0"]
[WhiteElo "2328"]
[BlackElo "2532"]

1.e4 c5 2.Nf3 Nc6 3.Bb5 e6 4.Bxc6 bxc6 5.d3 Ne7 6.Qe2 Qc7 7.h4 e5 8.h5 h6
9.g4 d6 10.Nh4 g6 11.Ng2 Bg7 12.b3 Be6 13.Bb2 Qd7 14.Ne3 O-O 15.hxg6 fxg6
16.Nd2 Rf7 17.O-O-O Raf8 18.f3 Kh7 19.Qg2 Ng8 20.Rdg1 Rf4 21.Nf5 gxf5 22.gxf5 Bxf5
23.exf5 Kh8 24.Ne4 R4xf5 25.Nxd6 Rxf3 26.Ne8  1-0

[Event "Bansko Grand Chess Open"]
[Site "Bansko BUL"]
[Date "2010.12.17"]
[Round "6.21"]
[White "Kjurkchiiski,G"]
[Black "Anev,A"]
[Result "1/2-1/2"]
[WhiteElo "2265"]
[BlackElo "2090"]

1.e4 c5 2.Nf3 Nc6 3.Bb5 Qb6 4.Nc3 e6 5.O-O d6 6.d4 cxd4 7.Nxd4 Bd7 8.Be3 Qc7
9.Re1 Nf6 10.Be2 a6 11.g4 h6 12.f4 Be7 13.Bf3 Nxd4 14.Bxd4 e5 15.Be3 Bc6
16.Nd5 Bxd5 17.exd5 Nd7 18.b3 exf4 19.Bxf4 Ne5 20.c4 O-O 21.Be4 Bh4 22.Rf1 Rae8
23.Qe2 Ng6 24.Qf3 Nxf4 25.Qxf4 Re5 26.Rad1 Rfe8 27.Bf3 Bf6 28.Qg3 Qa5 29.Rf2 Qc3
30.Bg2 Re1+ 31.Rxe1 Rxe1+ 32.Rf1 Bd4+ 33.Kh1 Qxg3 34.hxg3 Re2 35.a3 b5 36.cxb5 axb5
37.Rd1 Bb2  1/2-1/2

[Event "17th Open A"]
[Site "Zadar CRO"]
[Date "2010.12.17"]
[Round "8.17"]
[White "Djurovic,G"]
[Black "Kozul,Z"]
[Result "1-0"]
[WhiteElo "2328"]
[BlackElo "2595"]

1.e4 c5 2.Nf3 Nc6 3.Bb5 g6 4.Bxc6 dxc6 5.d3 Bg7 6.h3 Nf6 7.Nc3 Nd7 8.Be3 e5
9.Qd2 h6 10.O-O b6 11.Nh2 g5 12.Ne2 Nf8 13.Ng3 Ne6 14.Nf5 Bf8 15.c3 Ba6 16.Ng4 f6
17.f3 Nf4 18.Bxf4 gxf4 19.Rfd1 h5 20.Nf2 Qc7 21.d4 O-O-O 22.b4 cxd4 23.cxd4 exd4
24.b5 Bxb5 25.Nxd4 Bc5 26.Qc3 Rxd4 27.Rxd4 Qg7 28.Kh1 Rg8 29.Rg1 Qg3 30.Nd3 Bxd4
31.Qxd4 Rd8 32.Qxf6 Rxd3 33.a4 Bxa4 34.e5 Rd2 35.e6 c5 36.e7 Re2 37.Qa1 Bc6
38.Qa6+ Kc7 39.Qxe2 Qg6 40.Qe5+ Kb7 41.Rd1 c4 42.Rd8 Qb1+ 43.Kh2 Qb5 44.Qe6 Ka6
45.Ra8 h4 46.Qf7 Ka5 47.e8=Q  1-0

[Event "Bansko Grand Chess Open"]
[Site "Bansko BUL"]
[Date "2010.12.18"]
[Round "8.23"]
[White "Ljangov,P"]
[Black "Videnova,I"]
[Result "0-1"]
[WhiteElo "2090"]
[BlackElo "2269"]

1.e4 c5 2.Nf3 Nc6 3.Bb5 Nf6 4.Nc3 g6 5.h3 Bg7 6.Bxc6 dxc6 7.d3 Nd7 8.O-O e5
9.Be3 Qe7 10.Qc1 h6 11.Ne2 Nf8 12.Nd2 Ne6 13.c3 g5 14.Ng3 Nf4 15.Bxf4 exf4
16.Nf5 Bxf5 17.exf5 O-O-O 18.Qc2 Qd7 19.g4 h5 20.f3 hxg4 21.hxg4 Rh3 22.Rae1 Bd4+
23.Rf2 Bxf2+ 24.Kxf2 Rh2+ 25.Kg1 Rdh8 26.Kf1 Rh1+ 27.Ke2 Qe7+ 28.Ne4 R8h2+  0-1

[Event "European Rapid Championship"]
[Site "Warsaw POL"]
[Date "2010.12.18"]
[Round "2"]
[White "Bartel,Mat"]
[Black "Gluszko,T"]
[Result "1-0"]
[WhiteElo "2617"]
[BlackElo "2169"]

1.e4 c5 2.Nf3 Nc6 3.Bb5 d6 4.O-O Bd7 5.c3 e5 6.d4 Qc7 7.Be3 a6 8.Ba4 Be7
9.d5 Na5 10.Bxd7+ Qxd7 11.Nbd2 b5 12.b4 cxb4 13.cxb4 Nb7 14.a4 Nf6 15.a5 O-O
16.Rc1 Rfc8 17.Qb3 Nh5 18.Qd3 g6 19.Nb3 Rxc1 20.Rxc1 Rc8 21.Rxc8+ Qxc8 22.Nfd2 f5
23.f3 Kg7 24.Nb1 Nd8 25.Qc3 Qd7 26.N1d2 h6 27.Nc1 Bg5 28.Bxg5 hxg5 29.Nd3 Nf4
30.Nxf4 gxf4 31.Kf1 Kh6 32.g3 fxg3 33.hxg3 g5 34.exf5 Qxf5 35.Ne4 Nf7 36.g4 Qf4
37.Kg2 Kg7 38.Ng3 Kf6  1-0

[Event "European Rapid Championship"]
[Site "Warsaw POL"]
[Date "2010.12.18"]
[Round "6"]
[White "Janaszak,Daw"]
[Black "Malakhov,I"]
[Result "1-0"]
[WhiteElo "2319"]
[BlackElo "2425"]

1.e4 c5 2.Nf3 Nc6 3.Bb5 e6 4.Bxc6 bxc6 5.b3 Ne7 6.Bb2 Ng6 7.O-O Qc7 8.e5 Be7
9.d3 f6 10.exf6 gxf6 11.Nbd2 d5 12.Re1 e5 13.Nf1 Bd7 14.Kh1 O-O-O 15.b4 Rhg8
16.bxc5 Bxc5 17.d4 Bd6 18.dxe5 fxe5 19.Rb1 Rdf8 20.Qe2 Bg4 21.Qa6+ Kd8 22.Bc3 Bc8
23.Qe2 Rf4 24.Ng3 Rgf8 25.Qd2 Ra4 26.Qh6 Raf4 27.Nh5 Rxf3 28.gxf3 Qf7 29.f4 d4
30.Ba5+ Kd7 31.f3 Nxf4 32.Ng3 Qd5 33.Ne4 Qxa5 34.Nxd6 Qd2 35.Qg7+ Rf7 36.Nxf7 Ne6
37.Nxe5+ Kd6 38.Nc4+  1-0

[Event "European Rapid Championship"]
[Site "Warsaw POL"]
[Date "2010.12.18"]
[Round "8"]
[White "Warakomski,T"]
[Black "Janaszak,Daw"]
[Result "0-1"]
[WhiteElo "2472"]
[BlackElo "2319"]

1.e4 c5 2.Nf3 Nc6 3.Bb5 d6 4.c3 Nf6 5.Qe2 e5 6.d4 cxd4 7.cxd4 exd4 8.Nxd4 Bd7
9.Bxc6 bxc6 10.O-O Be7 11.Nc3 O-O 12.Bf4 Re8 13.Rad1 Qb6 14.Rd2 Bf8 15.Qf3 c5
16.Nde2 Bc6 17.Ng3 Qb4 18.Re2 Re6 19.Bg5 Nd7 20.a3 Qb7 21.Nh5 Rae8 22.Rfe1 f5
23.Qg3 fxe4 24.f3 d5 25.Nf4 Re5 26.fxe4 dxe4 27.Nh3 c4 28.Bf4 Bc5+ 29.Kh1 R5e7
30.Bg5 Rf7 31.Be3 Bxe3 32.Qxe3 Ne5 33.Ng5 Rfe7 34.Qc5 Kh8 35.Rf1 h6 36.Ngxe4 Nd3
37.Qxc4 Bxe4 38.Nxe4 Rxe4 39.Rxe4 Qxe4 40.Rf8+ Rxf8  0-1

[Event "European Rapid Championship"]
[Site "Warsaw POL"]
[Date "2010.12.18"]
[Round "8"]
[White "Jaroch,K"]
[Black "Malakhov,I"]
[Result "0-1"]
[WhiteElo "2252"]
[BlackElo "2425"]

1.e4 c5 2.Nf3 Nc6 3.Bb5 e6 4.O-O Nge7 5.Re1 Ng6 6.c3 a6 7.Ba4 b5 8.Bc2 Be7
9.d4 d6 10.Nbd2 Bb7 11.Nf1 Qc7 12.Ne3 O-O 13.a3 Rac8 14.d5 Nce5 15.Nxe5 dxe5
16.c4 Rcd8 17.Qe2 Nf4 18.Qg4 bxc4 19.g3 Nd3 20.Rd1 exd5 21.exd5 Bxd5 22.Nxd5 Rxd5
23.Qxc4 Rd4 24.Qxa6 Nxc1 25.Raxc1 Bg5 26.Rxd4 Bxc1 27.Qd3 g6 28.Rd7 Qb6 29.Bb3 Bxb2
30.Qc4 Qf6 31.Qxc5 Bd4 32.Qc2 h5 33.Kg2 h4 34.Bd5 Kg7 35.Qe2 Qf5 36.Rc7 h3+
37.Kf1 Qb1+ 38.Qe1 Qd3+ 39.Qe2 Qb1+ 40.Qe1 Qd3+ 41.Qe2 Qxa3 42.Qa2 Qd3+ 43.Qe2 Qb1+
44.Qe1 Qb5+ 45.Bc4 Qb6 46.Re7 Qc5  0-1

[Event "48th ch-IND"]
[Site "New Delhi IND"]
[Date "2010.12.21"]
[Round "12"]
[White "Shashikant,K"]
[Black "Rajesh,VA"]
[Result "1-0"]
[WhiteElo "2303"]
[BlackElo "2295"]

1.e4 c5 2.Nf3 Nc6 3.Bb5 g6 4.Bxc6 dxc6 5.h3 Bg7 6.d3 e5 7.Be3 Qe7 8.Qd2 Nf6
9.Nc3 Nd7 10.O-O O-O 11.Nh2 Rd8 12.Bh6 c4 13.Bxg7 Kxg7 14.f4 cxd3 15.f5 f6
16.fxg6 hxg6 17.Ng4 Rh8 18.cxd3 b6 19.Rf3 Bb7 20.Raf1 Raf8 21.Nd1 Qd6 22.Kh1 Bc8
23.Nde3 Ba6 24.b3 Rf7 25.Rg3 Kf8 26.Nf2 Rg8 27.Neg4 Rh8 28.Nh6 Rg7 29.Nfg4 Ke8
30.Nf2 Qe7 31.Rc1 Bb7 32.Nfg4 Rgh7 33.Rf1 Rf8 34.Nh2 Rg7 35.Nf3 f5 36.exf5 gxf5
37.Rxg7 Qxg7 38.Nh4 f4 39.N6f5 Qf6 40.d4 Kd8 41.dxe5 Qxe5 42.Qxf4 Qxf4 43.Rxf4 c5
44.Kh2 Kc7 45.g4 Re8 46.Rf2 Re1 47.Ng2 Rd1 48.Kg3 Ne5 49.h4 Nd3 50.Re2 b5
51.h5 Rf1 52.h6  1-0

[Event "Amitan Memorial"]
[Site "Donetsk UKR"]
[Date "2010.12.22"]
[Round "3"]
[White "Hamitevici,V"]
[Black "Matjushin,G"]
[Result "1-0"]
[WhiteElo "2417"]
[BlackElo "2489"]

1.e4 c5 2.Nf3 Nc6 3.Bb5 g6 4.Bxc6 dxc6 5.d3 Bg7 6.h3 Nf6 7.Nc3 O-O 8.Be3 b6
9.Qd2 e5 10.Bh6 Qd6 11.O-O Nh5 12.Ne2 Be6 13.b3 a5 14.a4 Ra7 15.Bxg7 Kxg7
16.Nxe5 Qxe5 17.f4 Qd6 18.g4 Nxf4 19.Qxf4 Qxf4 20.Nxf4 Bc8 21.Kg2 Re7 22.Kg3 h5
23.Rae1 Rfe8 24.Ng2 hxg4 25.hxg4 f5 26.exf5 gxf5 27.g5 b5 28.Rxe7+ Rxe7 29.Re1 f4+
30.Kf3 Be6 31.Nxf4 Bd5+ 32.Kf2 Rf7 33.Kg3 bxa4 34.c4 axb3 35.cxd5 cxd5 36.Ne6+ Kg6
37.Nxc5 b2 38.Rb1 Kxg5 39.Rxb2 Rf1 40.Ra2 Kf5 41.Rf2+ Rxf2 42.Kxf2 Ke5 43.Ke3 d4+
44.Kd2 Kd5 45.Na4  1-0